000 00217nam a22000977a 4500
999 _c261693
_d261692
020 _a9780823444489
100 _aMaxwell Eaton
245 _aBear Goes Sugaring
260 _aNew York
_bHoliday House
_c2019
942 _cBK